01392nab a2200385 a 450000100060000000300080000600500170001400600190003100700150005000800410006502200280010603500210013404000260015505000230018108000110020410000370021522200270025224501070027926000590038630000150044536200350046053301640049565000290065965000190068865000160070765000150072365000200073865100410075865300500079965500320084971000190088174000280090085600610092899900170098981363FlNmELB20241217151833.0m o d | cr cn|||||||||130704s2003 mx s 000 0 spa d a0185-3937z0185393-7103 a(OCoLC)955357501 aFlNmELBbspacFlNmELB 4aHC125bR788 2003eb a339.921 aRosa Mendoza, Juan Ramiro de la. 0aAnálisis Económico13aLa integración económica y la convergenciah[recurso electronico]cJuan Ramiro de la Rosa Mendoza. aDistrito Federal :bRed Análisis Económico,c2003. a179-194 p.0 aVol. XVIII, Núm. 037 (2003)- aRecurso electrónico. Santa Fe, Arg.: e-libro, 2015. Disponible vía World Wide Web. El acceso puede estar limitado para las bibliotecas afiliadas a e-libro. 4aCrecimiento económico. 4aMacroeconomia. 4aEconomía. 0aEconomics. 0aMacroeconomics. 0aLatin AmericaxEconomic integration. aIntegracion economicaaConvergencia economica 4aArtículos electrónicos.2 ae-libro, Corp.02aAnálisis económico.40uhttps://elibro.net/ereader/politecnicointernacional/7408 c81363d81363